Città più popolose non Capoluogo Piemonte - Statistics

Statistiche generali
  • Questo quiz è stato fatto 100 volte
    29 dall'ultimo reset
  • Il punteggio medio è 7 su 10
Statistiche sulle risposte
Popolazione Provincia Città % Corretto
55 875 Torino Moncalieri
87%
34 812 Alessandria Casale Monferrato
83%
46 875 Torino Settimo Torinese
83%
48 632 Torino Rivoli
78%
47 851 Torino Nichelino
70%
34 854 Torino Pinerolo
70%
33 741 Torino Venaria Reale
65%
49 083 Torino Collegno
61%
35 962 Torino Chieri
52%
37 194 Torino Grugliasco
43%
Nessun quiz corrispondente trovato
Distribuzione punteggi
Percentuale di utenti per punteggio
Percentile per numero di risposta
I tuoi punteggi nel tempo
Non hai fatto questo quiz dall'ultimo reset